Rozpoznaj miejsce w Polsce po opinii Google Maps - Statystyki

Ogólne statystyki
  • Ten quiz został rozwiązany 21 razy
  • Średni wynik to 3 z 15
Statystyki odpowiedzi
Opinia Obiekt % Poprawnych
Budynek, który budzi wiele kontrowersji, ale od dziecka wzbudzal we mnie respect swoim potężnym, monumentalnym wyglądem, bardzo lubię widok z tarasu można podziwiać panoramę Warszawy, uważam że zwiedzanie warto zacząć od PKiN Pałac Kultury i Nauki
67%
Puszcza i jej okolice, na mnie, jako człowieka z poza regionu robią ogromne wrażenie. Krajobrazowo obłędnie, dziko i pierwotnie. Puszcza Białowieska
67%
Uważam że każdy Polak powinien wiedzieć to co mówi przewodnik w tym muzeum .Nasz kraj jak wiele innych ma dowód na to że ludzkie bestialstwo nie ma dna.Technicznie całokształt wzorowo , muzeum jest rozbudowywane i przechodzi renowacje co poprawi jego wizerunek. Polecam. Ps Zadbajcie bardziej o toalety żeby nie kojarzyły się z pomieszczeniami gdzie spali więźniowie… Auschwitz Birkenau
50%
Polecam z pełną odpowiedzialnością. Warto zakupić za 13 zł( ze słuchawkami) audioprzewodnika. Oglądając ze skupieniem musimy posiadać ok 3 godziny. Robi wrażenie, obowiązkowy punkt na mapie zwiedzania Warszawy. Muzeum Powstania Warszawskiego
33%
Jeśli ktoś chce eksplorować tak naprawdę ten zamek, to trzeba na to poświęcić min 4godziny i mieć przewodnika, który opowie w szczegółach o dziejach tego miejsca. Dla osób, które nie mają tyle czasu lub cierpliwości, pozostają audioprzewodniki w różnych językach. Wypróbowaliśmy obie wersje, audioprzewodnik daje radę i co więcej prowadzi dość dokładnie po trasie, ale można pominąć niektóre miejsca, wtedy sam się automatycznie dostosowuje do aktualnego miejsca, w którym się przebywa. Ale zamek choćby raz w życiu trzeba zwiedzić. Jest niesamowity. Zamek w Malborku
33%
Wybrałem się z rodziną do zamku w celu zwiedzenia myślę najważniejszych miejsc. Wiadomo, że jeden dzień to wszystkiego się nie da zobaczyć ale wybrałem bilet "Wawel najcenniejsze", zakup on-line - polecam bo kolejka do kasy, którą mijałem to jakiś horror i można ją spokojnie ominąć. Wszystko ładnie się zaczęło, Pani która nas oprowadzała i opowiadała wiedzę ma i tego się nie da podważyć ale niestety przynudzała. Dobra jakoś się da przeżyć. Niestety dwie sprawy mnie tam rozwaliły. Po pierwsze to co dotyczyło konkretnie naszej grupy. Na sam koniec zwiedzania jedno z wejść było zamknięte (na szczęście był to ostatni etap zwiedzania), bo przysłowiowo cieć gdzieś wybył zamykając wejście i nie można było się z nim skontaktować. Wszyscy i tak mieli dosyć i ciśnienia nie było jeśli chodzi o zwiedzanie po ponad dwóch godzinach. No i druga sprawa, ale to już organizacyjna. Samo zwiedzanie i tłumy. Według mnie powinny być godziny dla grup i dla zwiedzania indywidualnego. To jest jakaś tragedia. To, że mieszają się grupy zorganizowane to już się robi ciasno, a do tego tłuuuumy zwiedzających indywidualnie. Uważam, że dyrekcja muzeum zamkowego nie ogarnia tego i tu jest pies pogrzebany. Powinno to być zmienione. Standardowo podstawa to przewodnik jeśli w grupie. Jeśli przewodnik szwankuje to trochę lipa ze zwiedzania. Na pewno jest co oglądać i dlatego polecam ale jeśli chodzi o organizację to słabiutko. PS. Zdjęcia: 1. Szczerbiec 2. Zbroja młodzieńcza króla Zygmunta II Augusta Zamek Królewski na Wawelu
28%
Spędziliśmy ponad 5h w centrum i nie było to dla nas wystarczające. Weszliśmy 10 min po otwarciu z zakupionymi biletami online więc udało nam się przez część zwiedzania mieć spokój i przestrzeń natomiast później dość spory tłum utrudniał zwiedzanie. Ekspozycję tematyczne, bardzo ciekawe, super interaktywne i co najważniejsze mocno zróżnicowane przez co każdy i w każdym wieku znajdzie na siebie coś ciekawego. Nie udało nam się tym razem zobaczyć planetarium ani wejść do laboratoriów co zdecydowanie musimy nadrobić w przyszłości. Ceny dość przystępne jak na ogrom wystaw Centrum Nauki Kopernik
22%
Niezwykłe miejsce pamięci ale niestety nie jest idealnie zachowane, a przynajmniej poza sezonem. Myślę, że każdy powinien się tam pojawić ze względu na historię miejsca i historię Polski by pamiętać niemiecką zbrodnie na mieszkańcach całej Europy. Westerplatte
17%
Obiekt duży jednak jest dość stary a efekty widac i da sie odczuć w nagłośnieniu. Mogłoby być dużo lepsze jednak ze starego nowego się nie wyczaruje a szkoda bo przyciągnął by obiekt o wiele, wiele wiecej widowni. Koncert Gregorian ujawnił mankamenty nagłośnienia ale i tak warto było uczestniczyć w tym wspaniałym wydarzeniu. Hala Stulecia
6%
Niezmiernie ciekawe miejsce, można bardzo wiele się dowiedzieć na temat samych technik wydobycia jak i historii ziem. Na samo zwiedzanie warto zabrać coś cieplejszego gdyż temperatura na dole oscyluje w granicach 10 kresek a to w połączeniu z wilgotnością daje odczucie chłodu. Co do możliwości pozostawienia samochodu to obok mamy do dyspozycji darmowy parking, więc problemu nie ma. Zabytkowa Kopalnia Srebra
6%
Nic ciekawego,małe pokoje,jak jest troszkę więcej ludzi to za ciasno, dziwne nie wygodne schody.Żeby wyjść na górę albo zejść z góry na dół potrzebnie czekać.Bardzo źle się czułam tam Dom do góry nogami
0%
Cudowne miejsce, które każdy powinien zobaczyć chociaż raz w życiu. Można poczuć się jak szlachta wędrująca w tym miejscu w XVIII wieku. Piękne ogrody, pomniki na, które wędruje wzrok. Ogród można obejść spacerkiem w 2-3 godziny. Na samym środku spektakularny pomnik Chopina. Wiosną i latem po parku przechadzają się prawie, a w wodzie pływają łabędzie. W parku znajduje się publiczny szalet. Często odbywają się darmowe koncerty. Znajduje się tutaj również muzeum jednakże jest ono płatne. Niestety nie posiadam wielu zdjeć. Dołączę to co mam. Łazieński Królewskie
0%
Niesamowite miejsce. Można tu spędzić cały dzień, poznając ludzką tragedię podczas II wojny światowej. Jednak nie dla ludzi o słabych nerwach. Muzeum II Wojny Światowej w Gdańsku
0%
Dużo ciekawej roślinności. Duży minus za brak jakiegokolwiek oznaczenia. Gdyby nie zakupiona w punkcie informacyjnym mapa Parku chodzilibyśmy jak dzieci we mgle. Park Mużakowski
0%
Rynek ten jest naprawdę piękny i jest na czym zawiesić wzrok, kamieniczki przynajmniej od zewnątrz dobrze utrzymane, kolorowe. Następny plus to czystość samego rynku, dostęp do koszy na śmieci i jest również gdzie usiąść. Minusem jest natomiast ilość ludzi przebywających tam, jest tego zaprawdę duża ilość, jednak nie ma czemu się dziękować gdyż to takie właśnie miejsce. Wrocławski Rynek
0%
Nie znaleziono quizów pasujących do podanych kryteriów
Rozkład punktacji
Procent ludzi z każdym wynikiem
Percentyl według liczby udzielonych odpowiedzi
Twoja historia wyników
Nie rozwiązałeś tego quizu